000 00721nam a22002537a 4500
003 UA-OsUOA
001 52698
007 ta
008 20080229b un ||||| |||| 00| 0 ukr d
100 _aЧигиринська О. С.
700 _aВласюк Т. М.
090 _a336(075.8)
_bЧ-58
942 _cBK
040 _aUA-OsUOA
_bukr
_cUA-OsUOA
_dUA-OsUOA
245 _aТеорія економічного аналізу
_bНавчальний посібник
300 _a232 с.
955 _a2
041 _aukr
080 _a336(075.8)
020 _a966-364-259-9
260 _aК.
_bЦентр навчальної літератури
_c2006
650 7 _a336 Фінанси
_2UDC
999 _c338777
_d338777